[Event "ESP-chT CECLUB Honor"]
[Site "Linares"]
[Date "2023.09.22"]
[Round "7.3"]
[White "Forcen Esteban, Daniel"]
[Black "Fier, Alexandr"]
[Result "0-1"]
[WhiteElo "2575"]
[BlackElo "2592"]
[PlyCount "122"]
[EventDate "2023.09.16"]
[EventType "team-tourn"]
[EventRounds "7"]
[EventCountry "ESP"]
[SourceTitle "EXT 2024"]
[Source "ChessBase"]
[SourceDate "2023.10.10"]
[SourceVersion "1"]
[SourceVersionDate "2023.10.10"]
[SourceQuality "1"]
[WhiteTeam "Jaime Casas"]
[BlackTeam "Casablanca MyInvestor"]
[WhiteTeamCountry "ESP"]
[BlackTeamCountry "ESP"]

1. Nf3 Nf6 2. g3 b6 3. Bg2 Bb7 4. 0-0 c5 5. d3 e6 6. e4 d6 7. Re1 Be7 8. Nbd2 Nc6 9. a3 0-0 10. c3 b5 11. d4 cxd4 12. cxd4 Rc8 13. Nb1 d5 14. e5 Ne4 15. Be3 Na5 16. Nfd2 Nxd2 17. Nxd2 Qc7 18. Rc1 Qd7 19. Nb3 Nc4 20. Re2 a5 21. f4 Rfd8 22. Rcc2 a4 23. Nc1 Qc6 24. Bd2 Ba6 25. Na2 Qb6 26. Bb4 Rd7 27. Qd3 Bd8 28. Rf2 Rdc7 29. Bc5 Rxc5 30. dxc5 Qxc5 31. Nb4 Bb7 32. f5 Bb6 33. Kh1 Qc7 34. Rf4 Qxe5 35. Re2 Qd6 36. fxe6 fxe6 37. Re1 Ba8 38. Rff1 Qd7 39. Re2 Rd8 40. g4 e5 41. g5 e4 42. Qg3 Qd6 43. Qh3 Re8 44. Nd3 Bc6 45. Nb4 Bd7 46. Qh5 g6 47. Qh6 Bf5 48. Bh3 Bxh3 49. Qxh3 Bd8 50. Ref2 Ne5 51. Qg3 d4 52. Rf4 e3 53. Re4 Ba5 54. Nd3 Qc6 55. Qf4 e2 56. Rf2 e1Q+ 57. Nxe1 Bxe1 58. Rfe2 Nd3 59. Qf6 Qxf6 60. gxf6 Rxe4 61. Rxe4 Nf2+ 0-1

[Event "ESP-chT CECLUB Honor"]
[Site "Linares"]
[Date "2023.09.21"]
[Round "6.3"]
[White "Arizmendi Martinez, Julen Luis"]
[Black "Forcen Esteban, Daniel"]
[Result "1-0"]
[WhiteElo "2507"]
[BlackElo "2575"]
[PlyCount "136"]
[EventDate "2023.09.16"]
[EventType "team-tourn"]
[EventRounds "7"]
[EventCountry "ESP"]
[SourceTitle "EXT 2024"]
[Source "ChessBase"]
[SourceDate "2023.10.10"]
[SourceVersion "1"]
[SourceVersionDate "2023.10.10"]
[SourceQuality "1"]
[WhiteTeam "Andreu Paterna"]
[BlackTeam "Jaime Casas"]
[WhiteTeamCountry "ESP"]
[BlackTeamCountry "ESP"]

1. e4 e5 2. Nf3 Nc6 3. Bb5 g6 4. c3 a6 5. Bxc6 dxc6 6. d4 exd4 7. cxd4 Bg7 8. h3 Ne7 9. Nc3 0-0 10. Bf4 h6 11. 0-0 g5 12. Be5 f6 13. Qb3+ Kh7 14. Bg3 f5 15. exf5 Nxf5 16. Be5 Nd6 17. Nd2 Bf5 18. Rfe1 Nb5 19. Nxb5 axb5 20. Qc3 Bf6 21. Ne4 Be7 22. Qg3 Rf7 23. a3 Qd5 24. Nc3 Qd7 25. Rad1 b4 26. axb4 Bxb4 27. d5 Bxc3 28. dxc6 Qxc6 29. Bxc3 Rg8 30. Qe5 Bg6 31. Re3 Bh5 32. Rd2 Ra8 33. Rd5 b6 34. Qd4 Qa4 35. Qe5 Qf4 36. Qxf4 gxf4 37. Re6 Bg6 38. f3 Bc2 39. Rf6 Ra1+ 40. Kh2 Rxf6 41. Bxf6 Bb3 42. Rd3 Bf7 43. Rd4 c5 44. Rxf4 Rd1 45. Bc3 Bd5 46. Rg4 h5 47. Rg7+ Kh6 48. Rd7 b5 49. h4 b4 50. Bg7+ Kg6 51. Bf8 b3 52. Rg7+ Kf6 53. Rg5 c4 54. Bg7+ Kf7 55. Bc3 Rd3 56. Rxh5 Ke6 57. Re5+ Kd6 58. Re2 Kc6 59. h5 Bg8 60. Re8 Bh7 61. Rc8+ Kb5 62. Rb8+ Kc6 63. Rc8+ Kb5 64. Rb8+ Kc6 65. Kg3 Kc7 66. Be5+ Kc6 67. Kf4 Rd2 68. g4 Kd5 1-0

[Event "ESP-chT CECLUB Honor"]
[Site "Linares"]
[Date "2023.09.19"]
[Round "4.4"]
[White "Franco Alonso, Alejandro"]
[Black "Forcen Esteban, Daniel"]
[Result "0-1"]
[WhiteElo "2421"]
[BlackElo "2575"]
[PlyCount "78"]
[EventDate "2023.09.16"]
[EventType "team-tourn"]
[EventRounds "7"]
[EventCountry "ESP"]
[SourceTitle "EXT 2024"]
[Source "ChessBase"]
[SourceDate "2023.10.10"]
[SourceVersion "1"]
[SourceVersionDate "2023.10.10"]
[SourceQuality "1"]
[WhiteTeam "Taldea Gros Xake"]
[BlackTeam "Jaime Casas"]
[WhiteTeamCountry "ESP"]
[BlackTeamCountry "ESP"]

1. d4 Nf6 2. c4 e6 3. Nf3 a6 4. e3 d5 5. b3 b6 6. Bd3 Nbd7 7. 0-0 Bb7 8. Bb2 Bd6 9. Ne5 0-0 10. Qe2 Qe7 11. Nxd7 Nxd7 12. Nd2 f5 13. f4 Nf6 14. Rac1 a5 15. a4 Ne4 16. Nf3 Rac8 17. Rc2 dxc4 18. Bxc4 Bd5 19. Nd2 Nf6 20. Ba6 Rcd8 21. Bd3 Qf7 22. Bc4 Kh8 23. Nf3 Ne4 24. Nd2 Nf6 25. Nf3 Qg6 26. Bc3 Be4 27. Rcc1 Nd5 28. Bb2 h6 29. Nd2 Nf6 30. Bxe6 Rfe8 31. Nxe4 Nxe4 32. d5 Nc5 33. Rxc5 Bxc5 34. Rf3 Rxe6 35. dxe6 Qxe6 36. Rg3 Rd7 37. h3 Qxb3 38. Kh2 Kh7 39. e4 Bg1+ 0-1

[Event "ESP-chT CECLUB Honor"]
[Site "Linares"]
[Date "2023.09.18"]
[Round "3.1"]
[White "Perez Candelario, Manuel"]
[Black "Forcen Esteban, Daniel"]
[Result "1-0"]
[WhiteElo "2582"]
[BlackElo "2575"]
[PlyCount "71"]
[EventDate "2023.09.16"]
[EventType "team-tourn"]
[EventRounds "7"]
[EventCountry "ESP"]
[SourceTitle "EXT 2024"]
[Source "ChessBase"]
[SourceDate "2023.10.10"]
[SourceVersion "1"]
[SourceVersionDate "2023.10.10"]
[SourceQuality "1"]
[WhiteTeam "Extremadura Magic"]
[BlackTeam "Jaime Casas"]
[WhiteTeamCountry "ESP"]
[BlackTeamCountry "ESP"]

1. e4 e5 2. Nf3 Nc6 3. Bb5 Nf6 4. 0-0 Nxe4 5. Re1 Nd6 6. Nxe5 Nxe5 7. Rxe5+ Be7 8. Bf1 0-0 9. Nc3 Bf6 10. Re1 Re8 11. d4 Rxe1 12. Qxe1 Bxd4 13. Bd3 Bxc3 14. Qxc3 Ne8 15. b3 d6 16. Bb2 Be6 17. Qb4 Qg5 18. h4 Qh5 19. Qxb7 Rd8 20. Qxa7 Qxh4 21. Re1 c5 22. a4 Qg5 23. Re3 h5 24. Rg3 Bg4 25. Bc4 d5 26. Qxc5 Nf6 27. Bd3 h4 28. Re3 Be6 29. Re5 Qg4 30. f3 Qg3 31. Qf2 Qf4 32. Qe3 Qg3 33. Rg5 Ng4 34. Rxg7+ Kf8 35. Rxg4 Bxg4 36. Ba3+ 1-0

[Event "ESP-chT CECLUB Honor"]
[Site "Linares"]
[Date "2023.09.16"]
[Round "1.2"]
[White "Cuenca Jimenez, Jose Fernando"]
[Black "Forcen Esteban, Daniel"]
[Result "1/2-1/2"]
[WhiteElo "2500"]
[BlackElo "2575"]
[PlyCount "61"]
[EventDate "2023.09.16"]
[EventType "team-tourn"]
[EventRounds "7"]
[EventCountry "ESP"]
[SourceTitle "EXT 2024"]
[Source "ChessBase"]
[SourceDate "2023.10.10"]
[SourceVersion "1"]
[SourceVersionDate "2023.10.10"]
[SourceQuality "1"]
[WhiteTeam "Costa Calida"]
[BlackTeam "Jaime Casas"]
[WhiteTeamCountry "ESP"]
[BlackTeamCountry "ESP"]

1. e4 e5 2. Nf3 Nc6 3. Bc4 Bc5 4. c3 Nf6 5. d4 exd4 6. e5 d5 7. Bb5 Ne4 8. cxd4 Bb6 9. Nc3 0-0 10. Be3 Bg4 11. h3 Bh5 12. Qc2 Ba5 13. 0-0 Bxf3 14. gxf3 Nxd4 15. Bxd4 Qg5+ 16. Kh1 Bxc3 17. Bxc3 Qf5 18. Rfc1 Qxh3+ 19. Kg1 Ng5 20. Be2 Nxf3+ 21. Bxf3 Qxf3 22. Qd1 Qe4 23. Qd4 Qg6+ 24. Kh2 Qh6+ 25. Kg3 Rfe8 26. f4 Rad8 27. Rh1 Qg6+ 28. Kf2 c5 29. Qxc5 Qc2+ 30. Kg1 Qg6+ 31. Kf2 1/2-1/2

[Event "Benasque op 42nd"]
[Site "Benasque"]
[Date "2023.07.05"]
[Round "1"]
[White "Fabregas, Oliver"]
[Black "Forcen Esteban, Daniel"]
[Result "0-1"]
[WhiteElo "1867"]
[BlackElo "2576"]
[PlyCount "62"]
[EventDate "2023.07.05"]
[EventType "swiss"]
[EventRounds "9"]
[EventCountry "ESP"]
[SourceTitle "EXT 2024"]
[Source "ChessBase"]
[SourceDate "2023.10.10"]
[SourceVersion "1"]
[SourceVersionDate "2023.10.10"]
[SourceQuality "1"]

1. e4 b6 2. d3 Bb7 3. Nf3 g6 4. g3 Bg7 5. Bg2 e5 6. 0-0 Ne7 7. c3 0-0 8. Qe2 Re8 9. Nbd2 d5 10. Rd1 Nd7 11. a3 a5 12. b4 axb4 13. cxb4 c5 14. Bb2 d4 15. Nc4 Ba6 16. b5 Bxb5 17. Nd6 Ba4 18. Nxe8 Bxd1 19. Qxd1 Qxe8 20. Qb3 Nc6 21. Bh3 Rb8 22. Ng5 Nf8 23. Rf1 Na5 24. Qc2 Qe7 25. Nf3 b5 26. Nd2 c4 27. Bc1 Ne6 28. f4 exf4 29. Bxe6 Qxe6 30. gxf4 Qg4+ 31. Kh1 Qe2 0-1

[Event "Aragon-chT Honor Gr II"]
[Site "Aragon"]
[Date "2023.02.25"]
[Round "5.21"]
[White "Aranaz Murillo, Amalia"]
[Black "Forcen Esteban, Daniel"]
[Result "0-1"]
[WhiteElo "2265"]
[BlackElo "2576"]
[PlyCount "98"]
[EventDate "2023.01.28"]
[EventType "team-tourn"]
[EventRounds "7"]
[EventCountry "ESP"]
[SourceTitle "EXT 2024"]
[Source "ChessBase"]
[SourceDate "2023.10.10"]
[SourceVersion "1"]
[SourceVersionDate "2023.10.10"]
[SourceQuality "1"]
[WhiteTeam "Palacio de Pioneros II"]
[BlackTeam "Jaime Casas"]
[WhiteTeamCountry "ESP"]
[BlackTeamCountry "ESP"]

1. Nf3 d5 2. g3 Nf6 3. Bg2 c6 4. c4 dxc4 5. a4 Qd5 6. Nc3 Qa5 7. b3 cxb3 8. Qxb3 e5 9. 0-0 Be7 10. Ba3 Qc7 11. Rfc1 0-0 12. Ng5 Na6 13. Bd5 Bxa3 14. Bxf7+ Rxf7 15. Rxa3 Qe7 16. Nb5 Ne8 17. Nxf7 Qxf7 18. Qxf7+ Kxf7 19. Rf3+ Nf6 20. Nd6+ Ke6 21. Nc4 Nb4 22. Re3 e4 23. Na5 Nbd5 24. Rb3 Nb6 25. Nxb7 Bxb7 26. a5 Nfd7 27. d4 Kd6 28. Ra1 Rd8 29. axb6 axb6 30. f3 exf3 31. Rxf3 Nf6 32. Rf4 Kc7 33. g4 h6 34. h4 Rd7 35. Raf1 Rd5 36. e3 Ba6 37. Ra1 Kb7 38. Kf2 Bd3 39. Kf3 Bg6 40. Rg1 Ra5 41. g5 Bh5+ 42. Kf2 Ra2+ 43. Kg3 Nd5 44. Re4 hxg5 45. hxg5 b5 46. Rh1 g6 47. Rxh5 gxh5 48. g6 b4 49. g7 Ra8 0-1

[Event "EU-Cup 37th"]
[Site "Mayrhofen"]
[Date "2022.10.08"]
[Round "6.5"]
[White "Nisipeanu, Liviu Dieter"]
[Black "Forcen Esteban, Daniel"]
[Result "1/2-1/2"]
[WhiteElo "2615"]
[BlackElo "2566"]
[PlyCount "61"]
[EventDate "2022.10.03"]
[EventType "team-swiss"]
[EventRounds "7"]
[EventCountry "AUT"]
[SourceTitle "CBM 210 Extra"]
[Source "ChessBase"]
[SourceDate "2022.11.30"]
[SourceVersion "1"]
[SourceVersionDate "2022.11.30"]
[SourceQuality "1"]
[WhiteTeam "Superbet ASE"]
[BlackTeam "Silla Valencia"]
[WhiteTeamCountry "ROU"]
[BlackTeamCountry "ESP"]

1. d4 d5 2. Nf3 Nf6 3. Bf4 c5 4. e3 e6 5. Nbd2 Bd6 6. Bb5+ Nc6 7. dxc5 Bxc5 8. c4 0-0 9. 0-0 Be7 10. cxd5 Qxd5 11. Qe2 Bd7 12. e4 Qh5 13. e5 Nd5 14. Bg3 a6 15. Bc4 Nb6 16. Rfd1 Nb4 17. a3 Nxc4 18. Nxc4 Nd5 19. Nd6 Bxd6 20. exd6 f6 21. Qc2 Rfc8 22. Qb3 b5 23. Rac1 Qf7 24. Ne1 Rxc1 25. Rxc1 e5 26. Nd3 Rd8 27. Nc5 Bc8 28. a4 bxa4 29. Nxa4 Be6 30. Qa3 Qd7 31. Nc5 1/2-1/2

[Event "ESP-chT CECLUB Honor"]
[Site "Linares"]
[Date "2022.09.22"]
[Round "6.4"]
[White "Yuffa, Daniil"]
[Black "Forcen Esteban, Daniel"]
[Result "1/2-1/2"]
[WhiteElo "2600"]
[BlackElo "2580"]
[PlyCount "120"]
[EventDate "2022.09.17"]
[EventType "team-tourn"]
[EventRounds "7"]
[EventCountry "ESP"]
[SourceTitle "CBM 210 Extra"]
[Source "ChessBase"]
[SourceDate "2022.11.30"]
[SourceVersion "1"]
[SourceVersionDate "2022.11.30"]
[SourceQuality "1"]
[WhiteTeam "Costa Calida"]
[BlackTeam "Jaime Casas"]
[WhiteTeamCountry "ESP"]
[BlackTeamCountry "ESP"]

1. d4 d5 2. c4 e6 3. Nf3 Nf6 4. g3 Bb4+ 5. Bd2 a5 6. Qc2 0-0 7. Bg2 c5 8. dxc5 d4 9. Bxb4 axb4 10. Ne5 Qc7 11. Nd3 Nc6 12. Nd2 e5 13. 0-0 Bf5 14. Nb3 e4 15. Nf4 Qe5 16. Qc1 h6 17. f3 Rfe8 18. fxe4 Bxe4 19. Bf3 Bxf3 20. exf3 g5 21. Nd3 Qe2 22. Qd1 g4 23. Qxe2 Rxe2 24. Rae1 Rxe1 25. Rxe1 gxf3 26. Kf2 Rxa2 27. Kxf3 Ra8 28. Kf4 Kg7 29. Nd2 Nd7 30. g4 Nf8 31. Kg3 Ng6 32. h4 f6 33. Nf3 Ra2 34. Re6 Nge5 35. Nfxe5 Nxe5 36. Nxe5 fxe5 37. Rxe5 Rxb2 38. Re7+ Kf6 39. Rxb7 b3 40. c6 Ke6 41. g5 hxg5 42. hxg5 Rb1 43. Kf2 Rb2+ 44. Kf3 Rb1 45. g6 Rg1 46. Ke4 Rg4+ 47. Kd3 Rxg6 48. Kxd4 Rg4+ 49. Kc5 Rg5+ 50. Kd4 Kd6 51. c7 Kd7 52. Rxb3 Kxc7 53. Rh3 Rg6 54. Rh5 Kd7 55. Kc5 Kc7 56. Rh7+ Kc8 57. Kb5 Rf6 58. c5 Rg6 59. Rf7 Rh6 60. c6 Rh1 1/2-1/2

[Event "ESP-chT CECLUB Honor"]
[Site "Linares"]
[Date "2022.09.21"]
[Round "5.1"]
[White "Alonso Rosell, Alvar"]
[Black "Forcen Esteban, Daniel"]
[Result "1-0"]
[WhiteElo "2564"]
[BlackElo "2580"]
[PlyCount "59"]
[EventDate "2022.09.17"]
[EventType "team-tourn"]
[EventRounds "7"]
[EventCountry "ESP"]
[SourceTitle "CBM 210 Extra"]
[Source "ChessBase"]
[SourceDate "2022.11.30"]
[SourceVersion "1"]
[SourceVersionDate "2022.11.30"]
[SourceQuality "1"]
[WhiteTeam "Silla 60 Aniversario"]
[BlackTeam "Jaime Casas"]
[WhiteTeamCountry "ESP"]
[BlackTeamCountry "ESP"]

1. d4 e6 2. c4 d5 3. Nf3 Nf6 4. Nc3 dxc4 5. e4 b5 6. e5 Nd5 7. Nxb5 Nb6 8. Be2 Nc6 9. Be3 Bb7 10. a3 Qd7 11. Nc3 Be7 12. Qc2 h6 13. Rd1 g5 14. d5 Nxd5 15. Bxc4 0-0-0 16. Nxd5 exd5 17. Bxd5 g4 18. 0-0 gxf3 19. Bxf3 Qe6 20. Rc1 Rd5 21. Qc4 Rxe5 22. Bxc6 Bxc6 23. Qxc6 Qxc6 24. Rxc6 Rb5 25. Rfc1 Bd8 26. Bxh6 Kb7 27. Bf4 Re8 28. Bxc7 Bg5 29. f4 Be7 30. Be5 1-0

[Event "Benasque op 41st"]
[Site "Benasque"]
[Date "2022.07.14"]
[Round "9"]
[White "Forcen Esteban, Daniel"]
[Black "Plat, Vojtech"]
[Result "1-0"]
[WhiteElo "2568"]
[BlackElo "2554"]
[PlyCount "87"]
[EventDate "2022.07.06"]
[EventType "swiss"]
[EventRounds "10"]
[EventCountry "ESP"]
[SourceTitle "EXT 2023"]
[Source "ChessBase"]
[SourceDate "2022.10.05"]
[SourceVersion "1"]
[SourceVersionDate "2022.10.05"]
[SourceQuality "1"]

1. e4 c5 2. Nf3 Nc6 3. d4 cxd4 4. Nxd4 g6 5. c4 Bg7 6. Be3 Qb6 7. Nb3 Qd8 8. Nc3 Nf6 9. Nd4 Ng4 10. Qxg4 Nxd4 11. Qd1 e5 12. Bd3 0-0 13. 0-0 d6 14. Qd2 Be6 15. b3 a6 16. Rab1 Qa5 17. a4 Rfb8 18. Rfd1 Qd8 19. Bf1 Bg4 20. Re1 Bd7 21. Bg5 Bf6 22. Bxf6 Qxf6 23. Nd5 Qd8 24. a5 Bc6 25. Nb6 Ra7 26. Bd3 Qh4 27. Qe3 Rf8 28. b4 f5 29. exf5 gxf5 30. Qg3+ Qxg3 31. hxg3 Kg7 32. Rbd1 Kf6 33. f3 h5 34. Kf2 Kg5 35. Bb1 f4 36. gxf4+ Rxf4 37. c5 dxc5 38. Rxe5+ Kf6 39. Rxc5 Ne6 40. Rxh5 Rxb4 41. Rd6 Rxb1 42. Rh6+ Kg5 43. Rdxe6 Rb5 44. Kg3 1-0

[Event "Benasque op 41st"]
[Site "Benasque"]
[Date "2022.07.10"]
[Round "5"]
[White "Forcen Esteban, Daniel"]
[Black "Pichot, Alan"]
[Result "1/2-1/2"]
[WhiteElo "2568"]
[BlackElo "2647"]
[PlyCount "26"]
[EventDate "2022.07.06"]
[EventType "swiss"]
[EventRounds "10"]
[EventCountry "ESP"]
[SourceTitle "EXT 2023"]
[Source "ChessBase"]
[SourceDate "2022.10.05"]
[SourceVersion "1"]
[SourceVersionDate "2022.10.05"]
[SourceQuality "1"]

1. e4 e5 2. Nf3 Nc6 3. d4 exd4 4. Nxd4 Nf6 5. Nc3 Bb4 6. Nxc6 bxc6 7. Bd3 d5 8. exd5 cxd5 9. 0-0 0-0 10. h3 c6 11. Qf3 Be6 12. Bf4 Bd6 13. Ne2 Rb8 1/2-1/2

[Event "Aragon-chT Honor Titulo"]
[Site "Aragon"]
[Date "2022.03.26"]
[Round "9.1"]
[White "Forcen Esteban, Daniel"]
[Black "Adla, Diego Gustavo"]
[Result "1-0"]
[WhiteElo "2558"]
[BlackElo "2420"]
[PlyCount "75"]
[EventDate "2022.03.19"]
[EventType "team-tourn"]
[EventRounds "10"]
[EventCountry "ESP"]
[SourceTitle "EXT 2024"]
[Source "ChessBase"]
[SourceDate "2023.10.10"]
[SourceVersion "1"]
[SourceVersionDate "2023.10.10"]
[SourceQuality "1"]
[WhiteTeam "Jaime Casas"]
[BlackTeam "Casablanca MyInvestor"]
[WhiteTeamCountry "ESP"]
[BlackTeamCountry "ESP"]

1. Nf3 Nf6 2. g3 d5 3. Bg2 c6 4. 0-0 Bf5 5. d3 e6 6. Nh4 Bg4 7. h3 Bh5 8. f4 Bc5+ 9. Kh1 a5 10. Qe1 Be7 11. e4 dxe4 12. dxe4 Nfd7 13. Nf3 Bxf3 14. Bxf3 e5 15. a4 Na6 16. Na3 0-0 17. Nc4 Qc7 18. Bg2 Nb4 19. Qe2 Rae8 20. Be3 f6 21. Rad1 exf4 22. gxf4 Nc5 23. Na3 Kh8 24. c3 Nba6 25. Qc4 Qc8 26. e5 fxe5 27. fxe5 Rf5 28. Rxf5 Qxf5 29. Rf1 Qxe5 30. Qf7 Rg8 31. Nc4 Qe6 32. Bd4 Bd8 33. Ne5 Qe8 34. Qc4 h6 35. Nf7+ Kh7 36. Bxc5 Nxc5 37. Qxc5 Bc7 38. Qh5 1-0

[Event "Aragon-chT Honor Gr I"]
[Site "Aragon"]
[Date "2022.02.12"]
[Round "3.1"]
[White "Gavin Roche, Enrique"]
[Black "Forcen Esteban, Daniel"]
[Result "0-1"]
[WhiteElo "2237"]
[BlackElo "2558"]
[PlyCount "66"]
[EventDate "2022.01.29"]
[EventType "team-tourn"]
[EventRounds "7"]
[EventCountry "ESP"]
[SourceTitle "EXT 2024"]
[Source "ChessBase"]
[SourceDate "2023.10.10"]
[SourceVersion "1"]
[SourceVersionDate "2023.10.10"]
[SourceQuality "1"]
[WhiteTeam "Aragon ONCE"]
[BlackTeam "Jaime Casas"]
[WhiteTeamCountry "ESP"]
[BlackTeamCountry "ESP"]

1. d4 Nf6 2. Nf3 d6 3. c4 g6 4. Nc3 Bg7 5. e4 0-0 6. Be2 e5 7. d5 Nbd7 8. Bg5 h6 9. Bh4 g5 10. Bg3 Nh5 11. h4 g4 12. Nd2 Ndf6 13. Nf1 c6 14. Qd2 cxd5 15. cxd5 Bd7 16. f3 Rc8 17. Bf2 Nf4 18. Ne3 h5 19. Bf1 gxf3 20. gxf3 Bh6 21. Ne2 Nxe2 22. Bxe2 Qb6 23. Bd3 Rc7 24. Ke2 Bb5 25. Rab1 Rfc8 26. Kd1 Qa6 27. Bxb5 Qxb5 28. Re1 Rc4 29. Nxc4 Bxd2 30. Nxd2 Qa4+ 31. Ke2 Qa6+ 32. Ke3 Rc2 33. Rec1 Qb6+ 0-1

[Event "ESP-chT CECLUB Honor"]
[Site "Toledo"]
[Date "2021.10.14"]
[Round "4.1"]
[White "Paehtz, Elisabeth"]
[Black "Forcen Esteban, Daniel"]
[Result "1-0"]
[WhiteElo "2475"]
[BlackElo "2564"]
[PlyCount "95"]
[EventDate "2021.10.11"]
[EventType "team-tourn"]
[EventRounds "7"]
[EventCountry "ESP"]
[SourceTitle "CBM 204 Extra"]
[Source "ChessBase"]
[SourceDate "2021.11.30"]
[SourceVersion "1"]
[SourceVersionDate "2021.11.30"]
[SourceQuality "1"]
[WhiteTeam "Taldea Gros Xake"]
[BlackTeam "Jaime Casas"]
[WhiteTeamCountry "ESP"]
[BlackTeamCountry "ESP"]

1. e4 e6 2. d4 d5 3. Nd2 c5 4. exd5 Qxd5 5. Ngf3 cxd4 6. Bc4 Qd8 7. 0-0 a6 8. Nb3 Nc6 9. a4 Nf6 10. Qe2 Bd6 11. Rd1 e5 12. Nbxd4 Nxd4 13. Rxd4 Qe7 14. Rxd6 Qxd6 15. b3 e4 16. Ba3 Qf4 17. Qe1 Be6 18. Qa5 Rc8 19. Bxe6 fxe6 20. Qb6 Rc6 21. Qd4 Nd5 22. Re1 exf3 23. Qxd5 Qg4 24. g3 h5 25. h4 Rh6 26. c4 Rf6 27. Kh2 Rf7 28. Qe5 Kd7 29. Qb8 Qd4 30. Kg1 Rc7 31. Qg8 Rf6 32. Qxg7+ Kc8 33. Be7 Rxe7 34. Qxe7 Kb8 35. Qe8+ Ka7 36. Qxh5 Rf5 37. Qh6 Qb2 38. Qe3+ Ka8 39. Qxe6 Rf8 40. Qe3 Qc2 41. Rc1 Qf5 42. Kh2 Qg4 43. Rd1 Rh8 44. Qe7 Qc8 45. Qe4 Qc5 46. Qe3 Qf5 47. Rd4 Qc2 48. Qxf3 1-0

[Event "ESP-chT CECLUB Honor"]
[Site "Toledo"]
[Date "2021.10.13"]
[Round "3.4"]
[White "Ferreira, Jorge Viterbo"]
[Black "Forcen Esteban, Daniel"]
[Result "1/2-1/2"]
[WhiteElo "2516"]
[BlackElo "2564"]
[PlyCount "61"]
[EventDate "2021.10.11"]
[EventType "team-tourn"]
[EventRounds "7"]
[EventCountry "ESP"]
[SourceTitle "CBM 204 Extra"]
[Source "ChessBase"]
[SourceDate "2021.11.30"]
[SourceVersion "1"]
[SourceVersionDate "2021.11.30"]
[SourceQuality "1"]
[WhiteTeam "Ourense Deportivo"]
[BlackTeam "Jaime Casas"]
[WhiteTeamCountry "ESP"]
[BlackTeamCountry "ESP"]

1. e4 e6 2. d4 d5 3. e5 c5 4. c3 Nc6 5. Nf3 Bd7 6. Bd3 Nge7 7. 0-0 cxd4 8. cxd4 Nf5 9. Bxf5 exf5 10. Nc3 Be6 11. h4 h6 12. Ne2 Be7 13. h5 0-0 14. Be3 Rc8 15. Nf4 Nb4 16. Bd2 Qd7 17. a3 Na6 18. Qb3 Rc4 19. Rfc1 Rfc8 20. Qa2 Rxc1+ 21. Rxc1 Rxc1+ 22. Bxc1 Qc6 23. Qb1 Nc7 24. Bd2 b6 25. g3 a5 26. Nh4 Bxh4 27. gxh4 Qc4 28. Qd3 Qxd3 29. Nxd3 Bd7 30. Nf4 Ba4 31. f3 1/2-1/2

[Event "ESP-chT CECLUB Honor"]
[Site "Toledo"]
[Date "2021.10.11"]
[Round "1.3"]
[White "Idani, Pouya"]
[Black "Forcen Esteban, Daniel"]
[Result "1-0"]
[WhiteElo "2610"]
[BlackElo "2564"]
[PlyCount "95"]
[EventDate "2021.10.11"]
[EventType "team-tourn"]
[EventRounds "7"]
[EventCountry "ESP"]
[SourceTitle "CBM 204 Extra"]
[Source "ChessBase"]
[SourceDate "2021.11.30"]
[SourceVersion "1"]
[SourceVersionDate "2021.11.30"]
[SourceQuality "1"]
[WhiteTeam "Silla Bosch Serinsys"]
[BlackTeam "Jaime Casas"]
[WhiteTeamCountry "ESP"]
[BlackTeamCountry "ESP"]

1. e4 e6 2. d4 d5 3. e5 c5 4. c3 Qb6 5. Nf3 Nc6 6. a3 Nh6 7. Bd3 cxd4 8. 0-0 Be7 9. b4 Nf5 10. Re1 a6 11. c4 dxc4 12. Bxc4 Qd8 13. Nbd2 d3 14. Nb3 g5 15. Qxd3 Qxd3 16. Bxd3 g4 17. Nfd2 0-0 18. Bb2 Rd8 19. Be4 Bd7 20. Nc4 Be8 21. Nb6 Rab8 22. Rac1 Bf8 23. Rc4 Bg7 24. Bxc6 bxc6 25. Na4 h5 26. Nac5 Ra8 27. Bc3 Rd5 28. g3 Ne7 29. Rce4 Ng6 30. a4 Nf8 31. h3 Nh7 32. hxg4 Ng5 33. gxh5 Nxe4 34. Rxe4 Bf8 35. a5 f5 36. exf6 Bxh5 37. Kg2 e5 38. g4 Bf7 39. Re3 Rd1 40. Bxe5 Bd5+ 41. f3 Re8 42. Kf2 Bxb3 43. Nxb3 Bxb4 44. f4 c5 45. g5 Kf7 46. f5 Rxe5 47. Rxe5 c4 48. Nc5 1-0

[Event "Benasque op 40th"]
[Site "Benasque"]
[Date "2021.07.14"]
[Round "10"]
[White "Pulvett Marin, Daniel Eduardo"]
[Black "Forcen Esteban, Daniel"]
[Result "1/2-1/2"]
[WhiteElo "2476"]
[BlackElo "2566"]
[PlyCount "159"]
[EventDate "2021.07.05"]
[EventType "swiss"]
[EventRounds "10"]
[EventCountry "ESP"]
[SourceTitle "CBM 203 Extra"]
[Source "ChessBase"]
[SourceDate "2021.09.30"]
[SourceVersion "1"]
[SourceVersionDate "2021.09.30"]
[SourceQuality "1"]

1. d4 g6 2. c4 Bg7 3. e4 d6 4. Nc3 e5 5. d5 a5 6. h4 f5 7. h5 f4 8. g3 fxg3 9. fxg3 Nf6 10. hxg6 hxg6 11. Rxh8+ Bxh8 12. Bh3 Na6 13. Qf3 Nb4 14. Kd1 Bxh3 15. Nxh3 Qd7 16. Ng5 Qg4 17. Qxg4 Nxg4 18. a3 Nd3 19. Ne6 Kd7 20. Ke2 Nc5 21. Nxc5+ dxc5 22. Be3 Nxe3 23. Kxe3 Bf6 24. Rh1 Rh8 25. Rxh8 Bxh8 26. Kf3 Bg7 27. Kg4 Bh6 28. a4 Bc1 29. b3 Ke7 30. Nd1 Bd2 31. Nf2 Be3 32. Nd3 Kf6 33. Ne1 Bd2 34. Nf3 Be3 35. Kh4 Bc1 36. Nh2 Bb2 37. Ng4+ Kf7 38. Kg5 Bc1+ 39. Kh4 Bb2 40. Kh3 Bd4 41. Kg2 Kg7 42. Kh2 Kf7 43. Kh3 Bc3 44. Kh4 Bb2 45. Nh2 Kf6 46. Kg4 Bc1 47. Kf3 Bb2 48. Kg4 Bc1 49. Nf3 Be3 50. Kh3 Bc1 51. Kh4 Be3 52. Nh2 Bd4 53. Ng4+ Kg7 54. Kg5 Bb2 55. Nf2 Bc1+ 56. Kh4 Be3 57. Nd3 Kf6 58. Kg4 Bd4 59. Ne1 Bb2 60. Nf3 Bc1 61. Kh3 Bb2 62. Kh4 Bc1 63. Ng1 Be3 64. Ne2 Bd2 65. Kg4 Kf7 66. Kh3 Kf6 67. Kh4 Bg5+ 68. Kg4 Bd2 69. Ng1 Be3 70. Nf3 Bc1 71. Kh3 Be3 72. Kg2 Bc1 73. Kf1 Be3 74. Ke2 Bd4 75. Ne1 Kg5 76. Kf3 Bc3 77. Nd3 Bd4 78. Kg2 Kf6 79. Kh3 Be3 80. Kg4 1/2-1/2

[Event "Benasque op 40th"]
[Site "Benasque"]
[Date "2021.07.11"]
[Round "7"]
[White "Forcen Esteban, Daniel"]
[Black "Barbot, Pierre"]
[Result "1-0"]
[WhiteElo "2566"]
[BlackElo "2443"]
[PlyCount "53"]
[EventDate "2021.07.05"]
[EventType "swiss"]
[EventRounds "10"]
[EventCountry "ESP"]
[SourceTitle "CBM 203 Extra"]
[Source "ChessBase"]
[SourceDate "2021.09.30"]
[SourceVersion "1"]
[SourceVersionDate "2021.09.30"]
[SourceQuality "1"]

1. e4 e5 2. Nf3 Nc6 3. Bb5 a6 4. Ba4 Nf6 5. 0-0 Be7 6. Bxc6 dxc6 7. d3 Nd7 8. Nbd2 0-0 9. Nc4 f6 10. Ne3 Re8 11. Nf5 Bf8 12. N3h4 Nc5 13. Qg4 Be6 14. f4 exf4 15. Bxf4 Qd7 16. Be3 b6 17. Rf3 Nb7 18. Raf1 Nd6 19. Rg3 Rad8 20. b3 Nxf5 21. Nxf5 Kh8 22. Rh3 Bf7 23. Rff3 Bg8 24. Qg6 Qe6 25. Rh4 Rd7 26. Rfh3 h6 27. Nxh6 1-0